| 000 | 00452nam a2200169Ia 4500 | ||
|---|---|---|---|
| 008 | 230711s9999||||xx |||||||||||||| ||und|| | ||
| 020 | _a81-7304-619-0 | ||
| 041 | _aENG | ||
| 082 |
_a711.58 _bGR-C |
||
| 100 | _aGrewal, Reeta | ||
| 245 | 0 | _aColonialism and Urbanization in India: The Punjab Region | |
| 250 | _a1st Ed. | ||
| 260 |
_c2009 _aNew Delhi _bManohar Publications & Distributions |
||
| 300 | _a256p. | ||
| 650 | _aArchitecture | ||
| 942 | _cBK | ||
| 999 |
_c7020 _d7020 |
||